Statistiques concernant Paroles - Nicky Larson (générique)

Cliquez ici pour prendre le quiz!

Statistiques générales

  • Ce quiz a été pris 474 fois
  • Le résultat moyen est 151 sur 198

Statistiques - réponses

Paroles% Correct
La
99%
la
99%
Nicky
98%
Larson
97%
à
95%
Dans
95%
dans
95%
Un
95%
un
95%
de
94%
nuit
94%
ne
93%
le
92%
Le
92%
qui
91%
Une
91%
fille
90%
personne
90%
craint
89%
est
89%
ce
87%
se
87%
C'est
84%
chaleur
84%
toujours
84%
coup
83%
et
83%
Et
83%
il
83%
ombre
83%
assassin
82%
mal
81%
puni
81%
justice
80%
Les
80%
les
80%
s'enfuit
80%
des
79%
feu
77%
file
77%
sa
76%
surgit
76%
Comme
75%
comme
75%
si
75%
mignonne
74%
Aucun
73%
l'impressionne
72%
pneus
72%
coups
71%
crime
71%
danger
71%
passionne
70%
retentit
70%
Son
70%
voiture
70%
frein
69%
Surtout
69%
impuni
67%
restera
66%
affectionne
65%
démon
64%
s'appelle
64%
tourbillonne
64%
éclair
62%
crient
59%
résonnent
59%
sourit
58%
Lorsque
51%
durs
50%
Quand
47%
que
42%
Pour
39%
vie
36%
suit
35%
droit
34%
proie
34%
sans
34%
méchants
33%
l'impressione
32%
Toute
32%
chasseur
31%
Ils
29%
prêt
29%
jamais
28%
donner
27%
hésiter
27%
justicier
27%
mettent
25%
apparait
24%
silhouette
24%
trembler
24%
Échapper
23%
pourront
23%
qu'ils
23%
savent
22%
Triomphent
21%

Distribution des résultats

Percentile par nombre de réponses

% des personnes avec chaque résultat

Votre développement - résultats

Vous n’avez pas pris ce quiz